000 00632nam a2200181Ia 4500
008 100917s9999 xx 000 0 und d
082 _b42322
100 _aभगवान रजनीश
245 _a्रगीता दर्शन अध्याय 4धा
260 _bजीवन जागृती प्रकाशन
_c1978
300 _a199
365 _b18
520 _aअध्यात्म
630 _a्रगीता दर्शन अध्याय 4धा
650 _aअध्यात्म
730 _a्रगीता दर्शन अध्याय 4धा
942 _cBOOK
999 _c647716
_d647713